Derechos humanos y control civil sobre las Fuerzas Armadas /
Guardado en:
| Otros Autores: | |
|---|---|
| Formato: | Desconocido |
| Idioma: | Spanish |
| Publicado: |
Buenos Aires :
CELS,
2006.
|
| Edición: | 1a. ed. |
| Series: | Experiencias
2 |
| Materias: | |
| Etiquetas: |
Agregar Etiqueta
Sin Etiquetas, Sea el primero en etiquetar este registro!
|
| LEADER | 00594nac a22001935a 4500 | ||
|---|---|---|---|
| 001 | DER.der003729 | ||
| 008 | 180615s2006####ag#||||||||||||||#||spa|| | ||
| 005 | 20240320083755.0 | ||
| 245 | 1 | 0 | |a Derechos humanos y control civil sobre las Fuerzas Armadas / |c CELS. |
| 250 | |a 1a. ed. | ||
| 260 | |a Buenos Aires : |b CELS, |c 2006. | ||
| 300 | |a 78 p. | ||
| 440 | 0 | |a Experiencias |v 2 | |
| 510 | 4 | |a CELS. Centro de estudios legales y sociales | |
| 020 | |a 9789872032463 | ||
| 700 | 1 | |a Verbitsky, Horacio, |e prol. | |
| 650 | 7 | |a IMPUGNACION | |
| 650 | 7 | |a REFORMAS NORMATIVAS | |
| 859 | |a DERECHO |b BIB. DERECHO |h 323 |i CEL |p 005315 | ||
